02169 2201045 4500001002100000005001500021035002000036245004700056100001700103300002800120260003100148082000800179084001400187020002200201990001200223990001200235990001200247990001200259990001200271990001200283990001200295990001200307990001200319990001200331990001200343990001200355990001200367990001200379990001200391990001200403990001200415990001200427990001200439990001200451990001200463990001200475990001200487990001200499990001200511990001200523990001200535990001200547990001200559990001200571990001200583990001200595990001200607990001200619990001200631990001200643990001200655990001200667990001200679990001200691990001200703990001200715990001200727990001200739990001200751990001200763990001200775990001200787990001200799990001200811990001200823990001200835990001200847990001200859990001200871990001200883990001200895990001200907990001200919990001200931990001200943990001200955990001200967990001200979990001200991990001201003990001201015990001201027990001201039990001201051990001201063990001201075990001201087990001201099990001201111INLIS00000000000311820251015024203 a0010-10250000221 aGOALS TKA IPA Untuk SMA/MA /cLena Mariana0 aLena Mariana a356 hlm ;c17,5 x 25 cm aBandung :bGrafindo,c2025 a500 a500 LEN g a978-602-01-3256-6 a0755830 a0755831 a0755832 a0755833 a0755834 a0755835 a0755836 a0755837 a0755838 a0755839 a0755840 a0755841 a0755842 a0755843 a0755844 a0755845 a0755846 a0755847 a0755848 a0755849 a0755850 a0755851 a0755852 a0755853 a0755854 a0755855 a0755856 a0755857 a0755858 a0755859 a0755860 a0755861 a0755862 a0755863 a0755864 a0755865 a0755866 a0755867 a0755868 a0755869 a0755870 a0755871 a0755872 a0755873 a0755874 a0755875 a0755876 a0755877 a0755878 a0755879 a0755880 a0755881 a0755882 a0755883 a0755884 a0755885 a0755886 a0755887 a0755888 a0755889 a0755890 a0755891 a0755892 a0755893 a0755894 a0755895 a0755896 a0755897 a0755898 a0755899 a0755900 a0755901 a0755902 a0755903 a0755904